00662nam a2200181Ia 4500008004100000020001800041050002800059100002200087245013500109250001200244260003900256300005300295500006300348521001000411650002400421650001600445650001900461140609s9999 xx 000 0 und d a9780415892612 aRC 455.2.M38b.L84 2012 aLuepker, Ellen T. aRecord keeping in psychotherapy and counseling :bprotecting confidentiality and the professional relationship /cEllen T. Luepker a2nd ed. aNew York, NY :bRoutledge,cc2012. a306 p. :bill. ;c23 cm.e+ 1 CD-ROM (4 3/4 in). aIncludes bibliographical references, appendices and index. aPSYCH aApplied psychology. aCounseling. aMental health.